Memoria 2012-2016 (Record no. 9459)

MARC details
000 -LEADER
campo de control de longitud fija 00361nam a2200133Ia 4500
001 - NÚMERO DE CONTROL
campo de control 4243
008 - DATOS DE LONGITUD FIJA--INFORMACIÓN GENERAL
campo de control de longitud fija 241024s9999 xx 000 0 und d
082 ## - NÚMERO DE LA CLASIFICACIÓN DECIMAL DEWEY
Número de clasificación RD/352.97293/C733m
100 ## - ENTRADA PRINCIPAL--NOMBRE DE PERSONA
Nombre de persona Comisión presidencial de apoyo al desarrollo provincial
245 #0 - MENCIÓN DEL TÍTULO
Título Memoria 2012-2016
260 ## - PUBLICACIÓN, DISTRIBUCIÓN, ETC.
Nombre del editor, distribuidor, etc. Santo Domingo
Fecha de publicación, distribución, etc. 2016
901 ## - ELEMENTOS DE DATOS A LOCAL LDA (RLIN)
a 23/8/2016 3:32:21 p.m.

No items available.

© 2024. Todos los Derechos Reservados. Desarrollado por IDEICE